Statistiken für Länder, die Wien am Nächsten Liegen

Klicken Sie hier um das Quiz zu spielen!

Allgemein

  • Dieses Quiz wurde 346 mal gespielt
  • Das Durchschnittsergebnis liegt bei 19 aus 20

Antwortstatistiken

KmLand% Korrekt
194Deutschland
100%
38Slowakei
99%
52Ungarn
99%
275Italien
98%
464Schweiz
98%
149Slowenien
98%
58Tschechien
98%
184Kroatien
97%
519Liechtenstein
97%
212Polen
96%
329Bosnien und
Herzegowina
95%
318Serbien
94%
375Rumänien
92%
605Frankreich
90%
427Ukraine
89%
556Montenegro
88%
556San Marino
87%
657Bulgarien
85%
647Kosovo
84%
636Weißrussland
75%

Verteilung der Resultate

Perzentil nach korrekt beantworteten Fragen

Anzahl Personen mit jedem Resultat

Ihre Resultats-Entwicklung

Sie haben dieses Quiz noch nicht gespielt